000 01275cam a2200313 a 4500
001 15265324
005 20230126143527.0
008 080417s2007 enkb b 001 0 eng d
010 _a 2008371401
020 _a9781842275115
020 _a1842275119
035 _a(OCoLC)ocn187020368
040 _aIHT
_cIHT
_dYDXCP
_dDLC
042 _alccopycat
043 _ae-ur---
100 1 _aAitken, Tom,
_d1941-
245 1 0 _aBlood and fire, tsar and commissar :
_bthe Salvation Army in Russia, 1907-1923 /
_cTom Aitken ; foreword by John Larsson.
260 _aMilton Keynes, Bletchy, England ;
_aColorado Springs, Colo. :
_bPaternoster,
_cc2007.
300 _axxi, 319 :
_bmaps ;
_c23 cm.
336 _atext
337 _aunmediated
338 _avolume
440 0 _aStudies in Christian history and thought
504 _aIncludes bibliographical references (p. [303]-314) and index.
505 _aThe Salvation Army looks east The third Rome Lord high evangelist Khitrovka Diplomatic prelude Messengers of salvation Explorations and reversals 1917 : a transient freedom Disease, death, terror, endurance The war on religion The long aftermath
610 2 0 _aSalvation Army
_zRussia
_xHistory.
650 0 _aMissions
_zRussia
_xHistory.
942 _2lcc
_cBK
999 _c51671
_d51671